[Event "4NCL Online Division 4"]
[Site "online"]
[Date "2021.09.07"]
[EventDate "2021.09.07"]
[Round "2.151"]
[White "Sarkar, Rian"]
[WhiteElo "1539"]
[WhiteTeam "Barnet Knights C"]
[Black "Renegade, Richard"]
[BlackElo "1713"]
[BlackTeam "Crewe BOL"]
[Result "0-1"]
[PlyCount "108"]

1. d4 e6 2. c4 c5 3. d5 exd5 4. cxd5 Nf6 5. Nc3 d6 6. e4 Be7 7. Nf3 Bg4 8. Bb5+ Nbd7 9. O-O O-O 10. h3 Bh5 11. Bf4 a6 12. Ba4 b5 13. Bc2 Re8 14. Qd3 c4 15. Qe3 Bf8 16. Nd4 Qc7 17. Qg3 Bg6 18. Rfe1 Nh5 19. Qh2 Nxf4 20. Qxf4 Ne5 21. Qe3 f5 22. f4 Nd7 23. Qg3 b4 24. exf5 bxc3 25. fxg6 cxb2 26. gxh7+ Kh8 27. Rab1 Qc5 28. Qf2 c3 29. Ne6 Qxf2+ 30. Kxf2 Nf6 31. Bg6 Rec8 32. Bc2 Nxd5 33. Nxf8 Rxf8 34. g3 Nb4 35. Re2 Nxa2 36. Re4 a5 37. Bb3 Nb4 38. Rc4 Rfc8 39. Rxc8+ Rxc8 40. Ke2 c2 41. Bxc2 Rxc2+ 42. Kd1 Rg2 43. Ke1 a4 44. Kf1 Rc2 45. f5 Rc1+ 46. Kg2 Rxb1 47. g4 a3 48. g5 Rc1 49. f6 b1=Q 50. f7 Qb2+ 51. Kg3 Qe5+ 52. Kg4 Qe6+ 53. Kh5 Qxh3+ 54. Kg6 Qxh7# 0-1

[Event "4NCL Online Division 4"]
[Site "online"]
[Date "2021.09.07"]
[EventDate "2021.09.07"]
[Round "2.152"]
[White "Michalek, Lukasz"]
[WhiteElo "1626"]
[WhiteTeam "Crewe BOL"]
[Black "Angelopoulos, Andreas"]
[BlackElo "1477"]
[BlackTeam "Barnet Knights C"]
[Result "1-0"]
[PlyCount "89"]

1. e4 c5 2. Nf3 d6 3. d4 cxd4 4. Nxd4 Nf6 5. Nc3 g6 6. Be2 Bg7 7. Be3 O-O 8. O-O Nc6 9. f4 Qb6 10. Qd3 Ng4 11. Bxg4 Bxd4 12. Nd5 Bxe3+ 13. Qxe3 Qxe3+ 14. Nxe3 Bxg4 15. Nxg4 Rac8 16. c3 Na5 17. Rac1 Rc7 18. Ne3 e6 19. Rfd1 Rd8 20. c4 Rdc8 21. b3 b5 22. Rxd6 bxc4 23. b4 Nb7 24. Ra6 Nd8 25. a4 Nc6 26. Rxc4 Nb8 27. Rxc7 Rxc7 28. Rd6 Nc6 29. b5 Na5 30. Kf2 Nb3 31. Rc6 Rd7 32. Nc4 Nd4 33. Rc8+ Kg7 34. Ne5 Rb7 35. Ke3 Nb3 36. g4 Na5 37. h4 Re7 38. Nc6 Nxc6 39. bxc6 f5 40. g5 e5 41. exf5 gxf5 42. c7 exf4+ 43. Kxf4 Re4+ 44. Kxf5 Rc4 45. Ke6 1-0

[Event "4NCL Online Division 4"]
[Site "online"]
[Date "2021.09.07"]
[EventDate "2021.09.07"]
[Round "2.153"]
[White "Zholnin, Ivan"]
[WhiteElo "1265"]
[WhiteTeam "Barnet Knights C"]
[Black "Gardiner, Harry"]
[BlackElo "1698"]
[BlackTeam "Crewe BOL"]
[Result "1-0"]
[PlyCount "123"]

1. e4 c5 2. Nf3 d6 3. d4 cxd4 4. Nxd4 Nf6 5. Nc3 a6 6. Bg5 e6 7. Nf3 h6 8. Bh4 Be7 9. e5 Nd5 10. Bxe7 Qxe7 11. exd6 Qxd6 12. Be2 Nc6 13. O-O O-O 14. Bc4 Rd8 15. Nxd5 exd5 16. Bd3 Bg4 17. h3 Bxf3 18. Qxf3 Ne5 19. Qg3 Nxd3 20. Qxd3 Rac8 21. Rfd1 Qc5 22. c3 Rd6 23. Rd2 a5 24. Re1 Rcd8 25. Rde2 Qc6 26. Re7 Rf6 27. R1e2 g6 28. Qe3 Kg7 29. Qa7 b6 30. Rc7 Qb5 31. Rce7 Qc6 32. Rc7 Qb5 33. Re6 Rf8 34. Rxf6 Kxf6 35. Rb7 Qe8 36. Qxb6+ Kg7 37. Qd4+ Kg8 38. Qd2 Qa8 39. Rd7 h5 40. Rxd5 Qc6 41. Rxa5 Re8 42. Rd5 Qb6 43. a4 Ra8 44. Rb5 Qe6 45. a5 Qc4 46. Rd5 Qc7 47. b4 Re8 48. Rc5 Qb8 49. b5 f5 50. Qd5+ Kh7 51. Qf7+ Kh6 52. g3 Qa8 53. Rc6 Rg8 54. a6 Rg7 55. Qd5 Qf8 56. c4 f4 57. Qd2 Rf7 58. b6 Kh7 59. gxf4 Rxf4 60. Rc7+ Kh8 61. Qb2+ Rf6 62. b7 1-0

[Event "4NCL Online Division 4"]
[Site "online"]
[Date "2021.09.07"]
[EventDate "2021.09.07"]
[Round "2.154"]
[White "Price, David P"]
[WhiteElo "1546"]
[WhiteTeam "Crewe BOL"]
[Black "Malus, Sean"]
[BlackElo "1200"]
[BlackTeam "Barnet Knights C"]
[Result "1-0"]
[PlyCount "83"]

1. Nf3 Nc6 2. d4 d5 3. e3 Nf6 4. Nbd2 Bf5 5. c4 e6 6. a3 Bd6 7. Qb3 Na5 8. Qa4+ Nc6 9. cxd5 exd5 10. Bb5 O-O 11. Bxc6 bxc6 12. Qxc6 Rb8 13. Qa4 Bd7 14. Qc2 Qc8 15. b4 Bf5 16. Qb3 a5 17. Nh4 axb4 18. Nxf5 Qxf5 19. Qd1 Ne4 20. Qf3 Qxf3 21. gxf3 Nxd2 22. Kxd2 bxa3 23. e4 Bb4+ 24. Kd3 dxe4+ 25. fxe4 Rfe8 26. Bxa3 Bxa3 27. Rxa3 Red8 28. Rc1 Rbc8 29. Rac3 c5 30. d5 c4+ 31. Rxc4 Rxc4 32. Rxc4 h6 33. Kd4 Ra8 34. d6 Ra1 35. Kc5 Ra5+ 36. Kb6 Ra1 37. Rd4 Rb1+ 38. Kc6 Rc1+ 39. Kd5 Rc8 40. d7 Rd8 41. Kc6 Kf8 42. Kc7 1-0

[Event "4NCL Online Division 4"]
[Site "online"]
[Date "2021.09.07"]
[EventDate "2021.09.07"]
[Round "2.161"]
[White "Smith, Ryan S"]
[WhiteElo "1952"]
[WhiteTeam "Brentwood Juniors"]
[Black "Trudeau, Gary"]
[BlackElo "1745"]
[BlackTeam "Calstock Killers"]
[Result "1/2-1/2"]
[PlyCount "77"]

1. e4 c5 2. Nf3 Nc6 3. d4 cxd4 4. Nxd4 e5 5. Nb5 d6 6. N1c3 a6 7. Na3 b5 8. Nd5 Nf6 9. Bg5 Be7 10. Bxf6 Bxf6 11. c4 Qa5+ 12. Qd2 Qxd2+ 13. Kxd2 Bg5+ 14. Kc3 b4+ 15. Nxb4 Nxb4 16. Kxb4 Rb8+ 17. Kc3 O-O 18. h4 Bd8 19. Nc2 f5 20. exf5 Rxf5 21. f3 Rf4 22. Rd1 Be7 23. Ne3 Be6 24. b3 Rb6 25. Bd3 Bxh4 26. Be4 Bf2 27. Bxh7+ Kf7 28. Nc2 g6 29. Rh6 Bf5 30. g4 Rxf3+ 31. Kb2 Kg7 32. gxf5 Kxh6 33. Rh1+ Kg7 34. Bxg6 Kf6 35. Rh6 Kg5 36. Rh5+ Kf6 37. Rh6 Kg5 38. Rh5+ Kf6 39. Rh6 1/2-1/2

[Event "4NCL Online Division 4"]
[Site "online"]
[Date "2021.09.07"]
[EventDate "2021.09.07"]
[Round "2.162"]
[White "Hill, Michael"]
[WhiteElo "1701"]
[WhiteTeam "Calstock Killers"]
[Black "Molostvov, Dmitry M"]
[BlackElo "1756"]
[BlackTeam "Brentwood Juniors"]
[Result "1/2-1/2"]
[PlyCount "105"]

1. Nf3 c5 2. c4 Nf6 3. e3 e6 4. d4 cxd4 5. Nxd4 d5 6. Nc3 Nc6 7. cxd5 Nxd5 8. Nxc6 bxc6 9. Bd2 Bb4 10. Qc2 O-O 11. Bd3 h6 12. O-O Nxc3 13. Bxc3 Bxc3 14. Qxc3 Qb6 15. Rac1 Ba6 16. Bxa6 Qxa6 17. a3 Rac8 18. Rc2 Rfd8 19. Rfc1 Qd3 20. h3 Qxc3 21. Rxc3 Rd2 22. Rxc6 Rxc6 23. Rxc6 Rxb2 24. Rc8+ Kh7 25. Rc7 Rb1+ 26. Kh2 Rb2 27. Kg3 a5 28. Ra7 Rb5 29. Rxf7 Rb3 30. a4 Ra3 31. Rf4 Kg6 32. Kf3 e5 33. Rc4 h5 34. g3 Kf5 35. g4+ hxg4+ 36. hxg4+ Ke6 37. Ke4 Ra2 38. f3 Kd6 39. f4 exf4 40. exf4 Ke6 41. f5+ Kf6 42. Kd5 Rd2+ 43. Kc6 Kg5 44. Kb5 Rd5+ 45. Rc5 Rxc5+ 46. Kxc5 Kxg4 47. Kb5 Kxf5 48. Kxa5 g5 49. Kb5 g4 50. a5 g3 51. a6 g2 52. a7 g1=Q 53. a8=Q 1/2-1/2

[Event "4NCL Online Division 4"]
[Site "online"]
[Date "2021.09.07"]
[EventDate "2021.09.07"]
[Round "2.163"]
[White "Willoughby, Christopher"]
[WhiteElo "1683"]
[WhiteTeam "Brentwood Juniors"]
[Black "Kirkman, Nigel J"]
[BlackElo "1692"]
[BlackTeam "Calstock Killers"]
[Result "1-0"]
[PlyCount "73"]

1. e4 e6 2. d4 d5 3. Nd2 c5 4. exd5 Qxd5 5. dxc5 Bxc5 6. Ngf3 Nc6 7. c3 Nf6 8. Bc4 Qd6 9. O-O O-O 10. Nb3 Qxd1 11. Rxd1 Be7 12. Bg5 a6 13. Nbd4 Na5 14. Be2 h6 15. Bh4 g5 16. Bg3 b5 17. Ne5 Ne4 18. b4 Nxg3 19. hxg3 Bf6 20. Ng4 Bxd4 21. Rxd4 Nc6 22. Rd6 h5 23. Rxc6 hxg4 24. Bxg4 Bb7 25. Rc7 Bd5 26. Bf3 Rfc8 27. Bxd5 Rxc7 28. Bxa8 Rxc3 29. Bb7 a5 30. bxa5 Ra3 31. a6 b4 32. Rb1 Rxa2 33. Rxb4 Kg7 34. Bc8 Kf6 35. Rb7 Kf5 36. Rxf7+ Ke5 37. Re7 1-0

[Event "4NCL Online Division 4"]
[Site "online"]
[Date "2021.09.07"]
[EventDate "2021.09.07"]
[Round "2.164"]
[White "Young, Andy"]
[WhiteElo "1504"]
[WhiteTeam "Calstock Killers"]
[Black "Pert, Max"]
[BlackElo "1692"]
[BlackTeam "Brentwood Juniors"]
[Result "0-1"]
[PlyCount "78"]

1. e4 e5 2. f4 exf4 3. Nf3 g5 4. Bc4 g4 5. O-O gxf3 6. Qxf3 Qf6 7. d3 d6 8. Nc3 Ne7 9. Qh5 Be6 10. Qb5+ Nbc6 11. Rxf4 Qd4+ 12. Kh1 O-O-O 13. Bxe6+ fxe6 14. Ne2 Qb6 15. Qa4 Bh6 16. Rf1 Bxc1 17. Raxc1 Rhf8 18. Rg1 Rf2 19. Ng3 Rg8 20. Qc4 Kd7 21. b3 Qc5 22. Qxc5 dxc5 23. Rgf1 Rxf1+ 24. Rxf1 Ne5 25. Nh5 Kd6 26. Rf6 N7g6 27. Nf4 Nxf4 28. Rxf4 Ng6 29. Rf7 Rf8 30. Rxf8 Nxf8 31. g4 Ke5 32. Kg2 Kd4 33. h4 Kc3 34. g5 Kxc2 35. Kg3 Kxd3 36. Kg4 b5 37. h5 c4 38. bxc4 bxc4 39. Kf4 c3 0-1

[Event "4NCL Online Division 4"]
[Site "online"]
[Date "2021.09.21"]
[EventDate "2021.09.21"]
[Round "3.11"]
[White "Knight, Daniel"]
[WhiteElo "1664"]
[WhiteTeam "Uxbridge Bulldogs"]
[Black "Carpenter, Martin"]
[BlackElo "2043"]
[BlackTeam "Eagle and Child"]
[Result "1/2-1/2"]
[PlyCount "55"]

1. d4 Nf6 2. Nf3 e6 3. c4 Bb4+ 4. Nc3 c5 5. dxc5 Na6 6. Bd2 Nxc5 7. a3 Bxc3 8. Bxc3 Nce4 9. Bd4 O-O 10. h3 d6 11. b4 e5 12. Bb2 Qb6 13. e3 a5 14. b5 a4 15. Bd3 Qa5+ 16. Nd2 Bf5 17. Qc2 Bg6 18. Rd1 Nc5 19. Bxg6 hxg6 20. O-O Qc7 21. Bc3 b6 22. Rfe1 Rfd8 23. Bb4 Ne6 24. Rc1 Nd7 25. Red1 Ndc5 26. f3 Qb7 27. Kf2 Qe7 28. g3 1/2-1/2

[Event "4NCL Online Division 4"]
[Site "online"]
[Date "2021.09.21"]
[EventDate "2021.09.21"]
[Round "3.12"]
[White "Bedi, Adam"]
[WhiteElo "2002"]
[WhiteTeam "Eagle and Child"]
[Black "Lord, Peter R"]
[BlackElo "1684"]
[BlackTeam "Uxbridge Bulldogs"]
[Result "1-0"]
[PlyCount "105"]

1. d4 Nf6 2. c4 c5 3. d5 b5 4. a4 b4 5. g3 d6 6. Bg2 g6 7. b3 Bg7 8. Bb2 O-O 9. Nd2 Bb7 10. e4 e6 11. Ne2 exd5 12. exd5 Re8 13. O-O Nbd7 14. Re1 Ne5 15. Qc2 Bc8 16. Nf4 Bf5 17. Qd1 g5 18. Bxe5 Rxe5 19. Rxe5 dxe5 20. Nh5 Nxh5 21. Qxh5 Bg6 22. Qe2 e4 23. Rd1 f5 24. g4 Qe8 25. Re1 Bc3 26. gxf5 Bxf5 27. Bxe4 Bxe4 28. Nxe4 Qg6 29. Nxc3 bxc3 30. Rc1 Re8 31. Qd1 Qf6 32. Qd3 Rf8 33. Qe3 Kh8 34. Qxc3 Qxc3 35. Rxc3 Kg7 36. Kg2 Rf6 37. Kg3 h5 38. Re3 a6 39. Rd3 Rd6 40. f4 gxf4+ 41. Kxf4 Kf6 42. Re3 Rb6 43. Re6+ Rxe6 44. dxe6 Kxe6 45. Kg5 h4 46. Kxh4 Kf5 47. Kg3 a5 48. h4 Kf6 49. Kf4 Kg6 50. Ke5 Kh5 51. Kd5 Kxh4 52. Kxc5 Kg5 53. Kb6 1-0

[Event "4NCL Online Division 4"]
[Site "online"]
[Date "2021.09.21"]
[EventDate "2021.09.21"]
[Round "3.13"]
[White "Price, Michael C"]
[WhiteElo "1644"]
[WhiteTeam "Uxbridge Bulldogs"]
[Black "Herman, Thomas"]
[BlackElo "1832"]
[BlackTeam "Eagle and Child"]
[Result "0-1"]
[PlyCount "80"]

1. e4 Nc6 2. d4 e5 3. d5 Nce7 4. c4 Ng6 5. Nc3 Nf6 6. Be2 Bc5 7. Nf3 O-O 8. O-O a6 9. a3 d6 10. b4 Ba7 11. Bb2 Nf4 12. Qd2 Re8 13. Rae1 N6h5 14. g3 Ng6 15. Kg2 Bd7 16. Ng5 Nf6 17. f4 exf4 18. gxf4 h6 19. Nxf7 Kxf7 20. f5 Ne5 21. Qf4 Bd4 22. Nd1 Bxb2 23. Nxb2 b5 24. c5 Nc4 25. Nxc4 bxc4 26. Bxc4 Bb5 27. Bxb5 axb5 28. Rf3 Qe7 29. c6 Nxd5 30. Qg3 Qg5 31. Rd3 Nf4+ 32. Kh1 Nxd3 33. Qxd3 Re5 34. Rg1 Qf4 35. Qh3 Qxe4+ 36. Rg2 Rxf5 37. Qb3+ d5 38. h3 Rg5 39. Qb2 Rxg2 40. Qxg2 Qxg2+ 0-1

[Event "4NCL Online Division 4"]
[Site "online"]
[Date "2021.09.21"]
[EventDate "2021.09.21"]
[Round "3.14"]
[White "Monteiro, Paulo"]
[WhiteElo "1826"]
[WhiteTeam "Eagle and Child"]
[Black "Sagade, Nivedita"]
[BlackElo "1606"]
[BlackTeam "Uxbridge Bulldogs"]
[Result "0-1"]
[PlyCount "176"]

1. e4 c5 2. Nf3 e6 3. e5 Nc6 4. c3 d6 5. Bb5 Bd7 6. exd6 Bxd6 7. Na3 Nf6 8. Bd3 O-O 9. g3 e5 10. Ng5 Be7 11. O-O h6 12. Ne4 Nd5 13. Bc4 Nb6 14. d3 Bh3 15. Re1 Nxc4 16. dxc4 Qxd1 17. Rxd1 f5 18. Nd2 Rad8 19. Re1 e4 20. Nf1 Ne5 21. Be3 Nf3+ 22. Kh1 Nxe1 23. Rxe1 Bxf1 24. Rxf1 a6 25. Nc2 g5 26. b4 f4 27. gxf4 gxf4 28. Bxc5 Bxc5 29. bxc5 Rd3 30. Nd4 Rxc3 31. Ne6 Rf7 32. Nd8 Rd7 33. Ne6 f3 34. Rg1+ Kf7 35. Ng7 Rxc4 36. Nf5 Kf6 37. Nxh6 Rg7 38. Ng4+ Ke6 39. h3 Rxc5 40. Re1 Rc4 41. Kh2 Ra4 42. Kg3 Kf5 43. Rc1 Rxa2 44. Rc5+ Kg6 45. Kf4 Re2 46. Rg5+ Kf7 47. Nh6+ Kf8 48. Rf5+ Ke7 49. Re5+ Kd7 50. Nf5 Rg2 51. Re7+ Kc8 52. Re8+ Kd7 53. Re7+ Kc8 54. Re8+ Kc7 55. Re7+ Kb6 56. Nd6 Rgxf2 57. Nxe4 Rf1 58. Rf7 Rh2 59. Ng3 Rc1 60. Kxf3 Rxh3 61. Kg4 Rxg3+ 62. Kxg3 a5 63. Kf2 Rc7 64. Rf8 Re7 65. Kf1 Kb5 66. Rf5+ Kb4 67. Rf4+ Ka3 68. Rf5 a4 69. Rb5 Ka2 70. Kf2 a3 71. Rb6 Ka1 72. Rb5 a2 73. Kf3 Rc7 74. Ke3 Rc2 75. Kd3 Rb2 76. Re5 Rb1 77. Ra5 b5 78. Ra7 b4 79. Rb7 b3 80. Ra7 b2 81. Kc3 Rc1+ 82. Kb3 b1=Q+ 83. Ka3 Qd3+ 84. Ka4 Rc4+ 85. Kb5 Qd5+ 86. Kb6 Rc6+ 87. Kb7 Qd7+ 88. Kb8 Rc8# 0-1

[Event "4NCL Online Division 4"]
[Site "online"]
[Date "2021.09.21"]
[EventDate "2021.09.21"]
[Round "3.21"]
[White "Robins, Andrew"]
[WhiteElo "1772"]
[WhiteTeam "Ashfield Anonymous D"]
[Black "Kriman, Salim"]
[BlackElo "2025"]
[BlackTeam "Hackney Hackers"]
[Result "0-1"]
[PlyCount "48"]

1. e4 e5 2. d4 exd4 3. Nf3 Nc6 4. Bc4 Bc5 5. Ng5 Nh6 6. Qh5 O-O 7. Bxf7+ Rxf7 8. Nxf7 Bb4+ 9. c3 Nxf7 10. cxb4 Nxb4 11. Na3 Nd3+ 12. Ke2 Nde5 13. f4 g6 14. Qh3 d5 15. Qb3 Qh4 16. Qg3 Qh5+ 17. Ke1 dxe4 18. fxe5 Nxe5 19. Qb3+ Kh8 20. Rf1 Bf5 21. Nc4 Nd3+ 22. Kd2 e3+ 23. Kc2 Nc5+ 24. Qd3 Bxd3# 0-1

[Event "4NCL Online Division 4"]
[Site "online"]
[Date "2021.09.21"]
[EventDate "2021.09.21"]
[Round "3.22"]
[White "Levy, Christopher A"]
[WhiteElo "1849"]
[WhiteTeam "Hackney Hackers"]
[Black "Bentley, Alex"]
[BlackElo "1726"]
[BlackTeam "Ashfield Anonymous D"]
[Result "0-1"]
[PlyCount "166"]

1. d4 Nf6 2. Bf4 Nh5 3. Bd2 g6 4. e4 d5 5. Be2 Ng7 6. exd5 Qxd5 7. Nf3 Nf5 8. Nc3 Qd8 9. Bf4 Bg7 10. Be5 O-O 11. Bxg7 Kxg7 12. Qd2 Nd7 13. O-O-O Nf6 14. Ne5 Nd6 15. f3 a6 16. g4 b5 17. g5 Nd7 18. Nc6 Qe8 19. d5 Bb7 20. Qd4+ Kg8 21. h4 Nb6 22. Ne5 Nf5 23. Qg1 b4 24. Ne4 Bxd5 25. h5 Kg7 26. Ng4 Qc6 27. Nh6 Bxe4 28. fxe4 Qxe4 29. Nxf5+ Qxf5 30. Qd4+ e5 31. h6+ Kg8 32. Qxb4 Qxg5+ 33. Kb1 Rad8 34. Rdg1 Qd2 35. Qg4 Rd4 36. Qh5 Nd7 37. Bd3 e4 38. Rh2 Qf4 39. Bxa6 Rd6 40. Qe2 Ra8 41. Rf2 Qxh6 42. Bc4 Ne5 43. Rh2 Qg7 44. Qxe4 Rad8 45. Be2 Rb6 46. Rh5 Nf3 47. Rxg6 Nd2+ 48. Kc1 Nxe4 49. Rxg7+ Kxg7 50. Bd3 Re6 51. Rh4 Nf6 52. a4 Re5 53. b4 Rh5 54. Rc4 Rd7 55. a5 Rhd5 56. a6 c5 57. b5 Ra7 58. Ra4 Nd7 59. Rg4+ Kf8 60. Bxh7 Nf6 61. Rh4 Nxh7 62. Rxh7 Kg8 63. Rh6 c4 64. b6 Rxa6 65. b7 Rb5 66. Rxa6 Rxb7 67. Kd2 Rc7 68. Kc3 Kg7 69. Kd4 f6 70. Rd6 Kg6 71. c3 Kg5 72. Rd5+ Kg4 73. Rd8 f5 74. Rg8+ Kf3 75. Ke5 f4 76. Rf8 Re7+ 77. Kd4 Re4+ 78. Kd5 Ke3 79. Rh8 f3 80. Rh1 Rg4 81. Re1+ Kd2 82. Rh1 f2 83. Rh2 Ke1 0-1

[Event "4NCL Online Division 4"]
[Site "online"]
[Date "2021.09.21"]
[EventDate "2021.09.21"]
[Round "3.23"]
[White "Taylor, Robert P"]
[WhiteElo "1671"]
[WhiteTeam "Ashfield Anonymous D"]
[Black "Conway, Paul Bernard"]
[BlackElo "1833"]
[BlackTeam "Hackney Hackers"]
[Result "1-0"]
[PlyCount "82"]

1. d4 Nf6 2. g3 g6 3. Bg2 Bg7 4. c4 c5 5. e3 O-O 6. Nf3 d6 7. O-O Nbd7 8. Nc3 a6 9. b3 Rb8 10. a4 b6 11. Bb2 e6 12. Qc2 Bb7 13. Rad1 Qe7 14. Rfe1 Rfd8 15. e4 Ne8 16. Ne2 Nc7 17. d5 e5 18. Bc1 h6 19. Be3 Rf8 20. Qd2 Kh7 21. Nh4 Nf6 22. f4 Ng4 23. f5 g5 24. Nf3 Bf6 25. h3 Nxe3 26. Qxe3 Rh8 27. g4 Bc8 28. Ng3 Bd7 29. Nd2 b5 30. axb5 axb5 31. Rb1 Na6 32. Rf1 Nb4 33. Nh5 Ra8 34. Qc3 Ra2 35. Ra1 Rha8 36. Rxa2 Rxa2 37. Ra1 Rxa1+ 38. Qxa1 Nc2 39. Qa6 Nd4 40. Bf1 b4 41. Qb7 Bh8 1-0

[Event "4NCL Online Division 4"]
[Site "online"]
[Date "2021.09.21"]
[EventDate "2021.09.21"]
[Round "3.24"]
[White "Figueroa, Edison"]
[WhiteElo "1791"]
[WhiteTeam "Hackney Hackers"]
[Black "Hardman, Daniel"]
[BlackElo "1541"]
[BlackTeam "Ashfield Anonymous D"]
[Result "0-1"]
[PlyCount "88"]

1. e4 c5 2. d4 cxd4 3. c3 dxc3 4. Nxc3 Nc6 5. Nf3 d6 6. Bc4 a6 7. O-O Nf6 8. Qe2 Bg4 9. h3 Bxf3 10. Qxf3 Ne5 11. Qe2 Nxc4 12. Qxc4 e6 13. Rd1 Be7 14. Bf4 O-O 15. e5 d5 16. Qb3 Nd7 17. Qxb7 Nc5 18. Qb4 Nd3 19. Qd4 Nxb2 20. Rd2 Nc4 21. Re2 Rc8 22. Qd3 Bg5 23. Bh2 Qa5 24. f4 Nxe5 25. fxe5 Rxc3 26. Qd1 Rfc8 27. Re1 Rc1 28. Rxc1 Rxc1 29. Qxc1 Bxc1 30. Rxc1 h6 31. Bf4 Qxa2 32. Kh2 g5 33. Be3 Qe2 34. Rc8+ Kg7 35. Bd4 a5 36. Ra8 Qd2 37. Bb6 d4 38. Rxa5 d3 39. Bd8 Qf4+ 40. Kh1 Qf1+ 41. Kh2 d2 42. Bf6+ Kg6 43. Ra8 Qf4+ 44. g3 Qf2+ 0-1

[Event "4NCL Online Division 4"]
[Site "online"]
[Date "2021.09.21"]
[EventDate "2021.09.21"]
[Round "3.31"]
[White "Burke, Alexander"]
[WhiteElo "1249"]
[WhiteTeam "Manchester Juniors C"]
[Black "Bourke, Matt"]
[BlackElo "1558"]
[BlackTeam "Farnham B"]
[Result "0-1"]
[PlyCount "152"]

1. e4 e5 2. Nf3 Nc6 3. Bc4 Nf6 4. Nc3 Nxe4 5. Bxf7+ Kxf7 6. Nxe4 d5 7. Nc3 Bc5 8. d3 Rf8 9. Bg5 Qd7 10. a3 Kg8 11. Qd2 a6 12. h4 b5 13. Na2 e4 14. dxe4 dxe4 15. Qxd7 Bxd7 16. O-O-O Bg4 17. Ne5 Nxe5 18. Rd5 Bd6 19. Nc3 Bf5 20. h5 h6 21. Be7 Bxe7 22. Rxe5 Bd6 23. Rd5 Rad8 24. Kb1 Be6 25. Rd2 Be5 26. Rxd8 Rxd8 27. Nxe4 Bf7 28. g4 Bd5 29. Rd1 Bf6 30. Nxf6+ gxf6 31. b3 Rd6 32. Kb2 Kf7 33. c4 bxc4 34. bxc4 Bxc4 35. Rc1 Bb5 36. Rxc7+ Rd7 37. Rc3 Rd2+ 38. Kb3 Rxf2 39. Kb4 Rf4+ 40. Ka5 Rxg4 41. Rc7+ Kg8 42. Rc8+ Kh7 43. Rc7+ Rg7 44. Rc8 Rf7 45. a4 Be2 46. Rc2 Re7 47. Rc6 Kg7 48. Rc5 Re5 49. Kb6 Rxc5 50. Kxc5 Bxh5 51. Kd4 Be8 52. a5 Bb5 53. Ke3 Kg6 54. Kf4 f5 55. Kg3 Kg5 56. Kf3 f4 57. Kg2 Kg4 58. Kf2 Bc6 59. Kf1 h5 60. Kf2 h4 61. Kg1 h3 62. Kh2 f3 63. Kg1 Kg3 64. Kf1 h2 65. Ke1 h1=Q+ 66. Kd2 Qg2+ 67. Kd3 Qe2+ 68. Kd4 f2 69. Kc5 f1=Q 70. Kd4 Qfd1+ 71. Kc5 Qec2+ 72. Kb6 Qdb1+ 73. Kc7 Bb5+ 74. Kb6 Qc6+ 75. Ka7 Qh7+ 76. Kb8 Qe8# 0-1

[Event "4NCL Online Division 4"]
[Site "online"]
[Date "2021.09.21"]
[EventDate "2021.09.21"]
[Round "3.32"]
[White "Young, Jonathan G"]
[WhiteElo "1521"]
[WhiteTeam "Farnham B"]
[Black "Eccleston, Rowan"]
[BlackElo "1233"]
[BlackTeam "Manchester Juniors C"]
[Result "1-0"]
[PlyCount "21"]

1. e4 e5 2. Nf3 Nc6 3. Bb5 f6 4. O-O a6 5. Bc4 Bc5 6. c3 d6 7. d4 Bb6 8. dxe5 Nxe5 9. Nxe5 fxe5 10. Qd5 Nf6 11. Qf7# 1-0

[Event "4NCL Online Division 4"]
[Site "online"]
[Date "2021.09.21"]
[EventDate "2021.09.21"]
[Round "3.34"]
[White "Warren, Archie"]
[WhiteElo "1359"]
[WhiteTeam "Farnham B"]
[Black "Fung, Marcus"]
[BlackElo "1091"]
[BlackTeam "Manchester Juniors C"]
[Result "1-0"]
[PlyCount "163"]

1. d4 d6 2. Bf4 Nf6 3. e3 g6 4. Nc3 Bg7 5. Nf3 Nbd7 6. e4 O-O 7. Qd2 Re8 8. O-O-O c6 9. e5 dxe5 10. dxe5 Nh5 11. Bh6 e6 12. g4 Bxh6 13. Qxh6 Ng7 14. Be2 Qa5 15. Qf4 b5 16. a3 Qb6 17. Qd4 c5 18. Qd6 Qa5 19. Bxb5 Rd8 20. Qe7 Qc7 21. Rd6 a6 22. Bc6 Bb7 23. Be4 c4 24. Rhd1 Bxe4 25. Nxe4 Ra7 26. Nf6+ Nxf6 27. Qxc7 Rxc7 28. Rxd8+ Nfe8 29. R1d7 Rc5 30. Kd2 Rb5 31. Kc3 Rb6 32. h3 Rb5 33. Rc8 Kf8 34. Rcd8 h6 35. a4 Rb6 36. Nd4 a5 37. Rc8 Rb4 38. Rxc4 Rb8 39. b3 Ra8 40. Rb7 h5 41. Nf3 hxg4 42. hxg4 Rd8 43. Ng5 Kg8 44. Nxf7 Ra8 45. Ng5 Rd8 46. Rb6 Rd7 47. Rbc6 Kf8 48. f3 Ke7 49. Rd4 Rb7 50. Rdc4 Rd7 51. R6c5 Rb7 52. Rxa5 Rd7 53. Rac5 Rd1 54. a5 Rd8 55. Ra4 Rd7 56. a6 Nc7 57. a7 Nd5+ 58. Kb2 Nb6 59. a8=Q Nxa8 60. Rxa8 Ne8 61. Rac8 Rd1 62. b4 Rd2 63. b5 Rd7 64. Kb3 Rb7 65. c4 Kd7 66. Rxe8 Kxe8 67. Nxe6 Ke7 68. Ng5 Rd7 69. Kb4 Rd1 70. Ka5 Ra1+ 71. Kb6 Ra8 72. Rc7+ Kd8 73. Rh7 Rb8+ 74. Kc5 Rc8+ 75. Kb4 Rc7 76. Rxc7 Kxc7 77. c5 Kd7 78. b6 Kc8 79. e6 Kb8 80. e7 Kb7 81. e8=Q Ka6 82. Qa8# 1-0

[Event "4NCL Online Division 4"]
[Site "online"]
[Date "2021.09.21"]
[EventDate "2021.09.21"]
[Round "3.41"]
[White "Heard, Tom"]
[WhiteElo "1517"]
[WhiteTeam "Kent KJCA Kestrels 5"]
[Black "Smith, Mark"]
[BlackElo "1876"]
[BlackTeam "Wolfpack 1"]
[Result "0-1"]
[PlyCount "60"]

1. e4 Nf6 2. Nc3 e6 3. e5 Nd5 4. Nxd5 exd5 5. d4 d6 6. Nf3 Bf5 7. c4 dxc4 8. Bxc4 d5 9. Bb3 Be7 10. O-O O-O 11. Bc2 Qd7 12. Bg5 Bxg5 13. Nxg5 f6 14. e6 Bxe6 15. Bxh7+ Kh8 16. Qh5 Bg4 17. Nf7+ Qxf7 18. Qxg4 Kxh7 19. Rac1 Nc6 20. Rc3 Rh8 21. Rh3+ Kg8 22. Rxh8+ Kxh8 23. Re1 Re8 24. Rc1 Qe6 25. Qh4+ Kg8 26. h3 Qe4 27. Qh5 Nxd4 28. Rxc7 Ne2+ 29. Kh1 Qb1+ 30. Kh2 Qg1# 0-1

[Event "4NCL Online Division 4"]
[Site "online"]
[Date "2021.09.21"]
[EventDate "2021.09.21"]
[Round "3.42"]
[White "Collett, Ray A"]
[WhiteElo "1874"]
[WhiteTeam "Wolfpack 1"]
[Black "Wang, Luoke"]
[BlackElo "1497"]
[BlackTeam "Kent KJCA Kestrels 5"]
[Result "0-1"]
[PlyCount "62"]

1. e4 c5 2. Nc3 d6 3. d3 Nc6 4. f4 g6 5. h3 Bg7 6. Bd2 e6 7. Nf3 Nge7 8. Be2 O-O 9. O-O Rb8 10. a4 a6 11. Kh1 b5 12. axb5 axb5 13. Qc1 b4 14. Nd1 d5 15. Ra2 Bb7 16. Be3 Qb6 17. Nd2 Ra8 18. Rxa8 Rxa8 19. Nb3 d4 20. Bg1 Na5 21. Qd2 f5 22. Bf3 Bc6 23. Re1 Nxb3 24. cxb3 Re8 25. Qc2 Nc8 26. Nf2 Nd6 27. g3 e5 28. Kg2 fxe4 29. Nxe4 Nxe4 30. Bxe4 exf4 31. Bd5+ Bxd5+ 0-1

[Event "4NCL Online Division 4"]
[Site "online"]
[Date "2021.09.21"]
[EventDate "2021.09.21"]
[Round "3.43"]
[White "Manikandan, Gaurav"]
[WhiteElo "1338"]
[WhiteTeam "Kent KJCA Kestrels 5"]
[Black "Bloom, Paul"]
[BlackElo "1706"]
[BlackTeam "Wolfpack 1"]
[Result "1-0"]
[PlyCount "71"]

1. e4 c5 2. Nf3 Nc6 3. d4 cxd4 4. Nxd4 Nf6 5. Nc3 a6 6. Bc4 e6 7. Nxc6 bxc6 8. Bg5 Be7 9. e5 Nd5 10. Bxe7 Nxe7 11. O-O O-O 12. Bb3 Nf5 13. Ne4 Qh4 14. Ng3 Nxg3 15. fxg3 Qg5 16. Qe2 a5 17. Bc4 Rb8 18. b3 Bb7 19. Bd3 d5 20. exd6 Qc5+ 21. Kh1 Qxd6 22. Qe4 g6 23. Qf4 e5 24. Qf6 Rbd8 25. Qxd6 Rxd6 26. Rae1 Re8 27. Bc4 Rd7 28. g4 Kg7 29. h3 Ree7 30. Rf2 Rd6 31. Rfe2 f6 32. g5 c5 33. gxf6+ Kxf6 34. Rf2+ Kg7 35. Rfe2 Kf6 36. Rf2+ 1-0